| 000 | 00941cam a2200277 i 4500 | ||
|---|---|---|---|
| 001 | bg | ||
| 003 | KOSZ 005 | ||
| 005 | 20220318095107.0 | ||
| 008 | 981026s1986 pl a f f |000 0 pol | ||
| 015 | _aPB 1986/6470 | ||
| 020 | _a8301065729 | ||
| 040 |
_aWA N _cKOSZ 005/HR _dKOSZ 005/HR |
||
| 080 | _a621.86/.87 | ||
| 080 | _a(075.8) | ||
| 100 | 1 |
_aPawlicki, Kazimierz _eAutor |
|
| 245 | 1 | 0 |
_aElementy dźwignic. _nCz. 1 / _cKazimierz Pawlicki. |
| 250 | _aWyd. 8 zm. | ||
| 260 |
_aWarszawa ; _aŁódź : _bPańst. Wydaw. Naukowe, _c1986. |
||
| 300 |
_a336 s., [2] k. tabl. : _brys., wykr. ; _c24 cm. |
||
| 504 | _aBibliogr. s. 316-317, wykaz norm s. 318-322. | ||
| 521 | _aSkrypt dla studentów wyższych szkół technicznych. | ||
| 655 | 4 | _aPodręczniki akademickie | |
| 650 | 4 | _aDźwignice | |
| 856 |
_uhttp://koha.tu.koszalin.pl/cgi-bin/koha/opac-detail.pl?biblionumber=3014 _yKatalog online BPK |
||
| 942 |
_2UKD _cKS |
||
| 999 |
_c3014 _d3014 |
||